[Event "Olympiad-32"]
[Site "Yerevan"]
[Date "1996.09.30"]
[Round "13.2"]
[White "Georgiev, Kiril"]
[Black "Malaniuk, Vladimir P"]
[Result "0-1"]
[WhiteElo "2620"]
[BlackElo "2610"]
[Annotator "Lempert,I"]
[PlyCount "122"]
[EventDate "1996.09.15"]
[EventType "team-swiss"]
[EventRounds "14"]
[EventCountry "ARM"]
[SourceTitle "CBM 055"]
[Source "ChessBase"]
[SourceDate "1996.12.01"]
[SourceVersion "1"]
[SourceVersionDate "1996.12.01"]
[SourceQuality "1"]
[WhiteTeam "Bulgaria"]
[BlackTeam "Ukraine"]
[WhiteTeamCountry "BUL"]
[BlackTeamCountry "UKR"]

1. d4 f5 2. g3 Nf6 3. Bg2 g6 4. c4 Bg7 5. Nf3 O-O 6. O-O d6 7. Nc3 c6 8. b3 Qa5
9. Bb2 e5 10. Qd2 Qc7 11. d5 $5 (11. dxe5 dxe5 12. e4 (12. Rad1 e4 13. Ne1 Re8
14. Nc2 Na6 $132) 12... Na6 13. exf5 Bxf5 14. Rad1 Rfe8 15. h3 Nc5 $13 {
Polugaevsky,L-Dolmatov,S/ISL/1990/}) 11... c5 (11... e4 12. Nd4 c5 13. Ne6 Bxe6
14. dxe6 Nc6 15. f3 $16 e3 16. Qxe3 Ng4 17. Qd2 Bd4+ 18. Kh1 Ne3 (18... Nf2+ $2
19. Rxf2 Bxf2 20. e3 $16) 19. Rfe1 Qe7 20. Nd5 $16) (11... Na6 12. dxc6 bxc6
13. Rad1 Ne8 (13... Rd8 $2 14. Nxe5) 14. Na4 $14) 12. Ng5 (12. Nb5 $5 Qe7 (
12... Qb6 13. Bc3 a5 14. Ng5 $14) (12... Qd8 $1) 13. Nxe5 $1 dxe5 14. d6 Qd8
15. Nc7 $16) 12... Na6 13. Ne6 Bxe6 14. dxe6 Rae8 15. Nb5 Qb6 16. Qxd6 $2 (16.
Bc3 $1 Nb4 (16... e4 $2 17. Ba5 Qc6 18. Nxa7 $18) (16... d5 17. Bxd5 Nxd5 18.
Qxd5 Rd8 19. Qg2) 17. a3 (17. Bxb4 cxb4 18. Qxb4 (18. Qxd6 e4 19. Qxb4 Nd5 20.
cxd5 Bxa1 21. Rxa1 a6 22. e7 Rf7 23. d6 axb5 24. Rd1 $18) 18... Rxe6 19. Qa3 a6
20. Nc3 e4 21. Rad1 $14) 17... Nc6 18. Qxd6 a6 19. Qc7 Qxc7 20. Nxc7 Re7 21.
Bxc6 Rxc7 22. Bd5 $16) 16... e4 17. Rfd1 Rxe6 18. Qxb6 axb6 19. a3 Nb8 20. Rab1
Nc6 21. Bc1 (21. f3 $5) 21... Rd8 22. Rxd8+ Nxd8 23. Bf4 Nc6 24. f3 Nd4 25.
Nxd4 cxd4 26. fxe4 Nxe4 27. Kf1 h5 28. Rd1 Kh7 29. Bf3 Bf6 30. h4 Kg7 31. Kg2
Nc3 32. Re1 (32. Rd2 $142) 32... d3 33. Kf1 $6 (33. e3 d2 34. Rh1 Be5 $19) (33.
Bxb7 $5) 33... Nxe2 34. Bc7 (34. Bxe2 Bc3 $1 $19) 34... Re7 35. Bb8 Re3 36. Kg2
d2 37. Rd1 Nd4 38. Bxb7 Nxb3 $19 39. Bf4 Re1 40. Bf3 Bc3 41. Kf2 Bd4+ 42. Kg2
Kh7 43. a4 Bc3 44. Kf2 Nd4 45. Rxd2 Bxd2 46. Bxd2 Ra1 47. Bd5 Nb3 48. Bf4 Nc5
49. Bc7 Nxa4 50. Ke3 Rb1 51. Bc6 Nc5 52. Kd2 Ne6 53. Be5 Rb3 54. Bc3 Nc5 55.
Kc2 Ra3 56. Be5 Ne4 57. Bd5 Rxg3 58. Bxg3 Nxg3 59. Kd3 g5 60. hxg5 Kg6 61. Ke3
Kxg5 0-1

[Event "Olympiad-32"]
[Site "Yerevan"]
[Date "1996.09.30"]
[Round "13.1"]
[White "Nikolaidis, Ioannis"]
[Black "Bologan, Viktor"]
[Result "1-0"]
[WhiteElo "2585"]
[BlackElo "2600"]
[Annotator "Lempert,I"]
[PlyCount "83"]
[EventDate "1996.09.15"]
[EventType "team-swiss"]
[EventRounds "14"]
[EventCountry "ARM"]
[SourceTitle "CBM 055"]
[Source "ChessBase"]
[SourceDate "1996.12.01"]
[SourceVersion "1"]
[SourceVersionDate "1996.12.01"]
[SourceQuality "1"]
[WhiteTeam "Greece"]
[BlackTeam "Moldova"]
[WhiteTeamCountry "GRE"]
[BlackTeamCountry "MDA"]

1. d4 d6 2. Nf3 g6 3. c4 f5 4. g3 Bg7 5. Bg2 Nf6 6. O-O O-O 7. Nc3 c6 8. b3 Qa5
9. Bd2 e5 $6 (9... Qc7 $1 10. d5 (10. Qc1 e5 11. dxe5 dxe5 12. Bh6 Nbd7 (12...
Na6 13. Bxg7 Kxg7 14. Qa3 Be6 15. Rad1 Bf7 $10) 13. Bxg7 Kxg7 14. e4 f4 $10 {
Malich,B-Dolmatov,S/GER/1992/0:1/40/}) 10... Na6 11. Rc1 Nc5 (11... Bd7 $5) 12.
Be3 Nce4 13. Nxe4 Nxe4 14. Bd4 e5 15. dxe6 Bxe6 16. Bxg7 Qxg7 17. Qd4 Qxd4 18.
Nxd4 Kf7 $1 $14 {Nikolic,P-Dolmatov,S/Hastings/1989/0,5/33/}) 10. e4 $1 Qc7 11.
exf5 Bxf5 (11... gxf5 12. dxe5 (12. c5 e4 $1) 12... dxe5 13. Qc2 $14) 12. dxe5
dxe5 13. Ng5 Nbd7 (13... Na6 14. Nce4) 14. Nge4 Rfd8 $6 (14... Nxe4 15. Nxe4
Bxe4 16. Bxe4 Nc5 17. Qe2 $1 (17. Bg2 e4 18. Rb1 Rad8 19. Qe2 Bd4 $13) 17...
Ne6 (17... Nxe4 18. Qxe4 $14) 18. Bc3 Nd4 19. Qg4 $36) 15. Qe2 Nf8 16. Bg5 Nxe4
17. Nxe4 Re8 18. Rad1 h6 19. Be3 Ne6 20. Nd6 Re7 21. Rfe1 Nd4 22. Bxd4 Qxd6 23.
Bc3 $1 (23. Bxa7 Qa3 24. Bb6 Qxa2 25. Rd8+ Kh7) 23... Qe6 24. Be4 Rae8 25. Rd3
h5 26. Qe3 a6 27. Bb4 Rd7 28. Ba5 Bxe4 29. Rxd7 Qxd7 30. Qxe4 Kf7 31. Bc3 Qf5
32. Qe3 Kg8 33. Kg2 Rf8 34. Re2 h4 35. Qe4 h3+ (35... hxg3 36. hxg3 $16) 36.
Kf1 Qd7 $2 (36... Rd8 37. Ke1 $16) (36... Qf3 $142 37. Qxf3 Rxf3 38. Bxe5 Bxe5
39. Rxe5 Rc3 $16) 37. Qxg6 Rf3 38. Bxe5 Qd1+ 39. Re1 Qd3+ 40. Qxd3 Rxd3 41.
Bxg7 Kxg7 42. Ke2 1-0

[Event "ROM-ch"]
[Site "Calimanesti Caciulata"]
[Date "2017.04.02"]
[Round "9"]
[White "Badea, Bela"]
[Black "Marin, Mihail"]
[Result "1/2-1/2"]
[WhiteElo "2456"]
[BlackElo "2539"]
[Annotator "Marin,M"]
[PlyCount "81"]
[EventDate "2017.03.25"]
[EventType "swiss"]
[EventRounds "9"]
[EventCountry "ROU"]
[SourceTitle "CBM 179"]
[Source "ChessBase"]
[SourceDate "2017.07.12"]
[SourceVersion "1"]
[SourceVersionDate "2017.07.12"]
[SourceQuality "1"]

1. Nf3 f5 2. b3 d6 3. d4 Nf6 4. Bb2 g6 5. g3 Bg7 6. Bg2 O-O 7. O-O Qe8 8. d5 ({
The seemingly solid} 8. Nbd2 {allowed me a spectacular win in recent years:}
Nc6 9. Re1 e5 10. dxe5 dxe5 11. e4 f4 12. h3 fxg3 13. fxg3 Nh5 14. Kh2 Be6 15.
Qe2 Rd8 16. Rad1 a6 17. Nc4 b5 18. Ne3 Nd4 19. Nxd4 exd4 20. Ng4 Nxg3 $1 21.
Kxg3 Bc4 $1 $19 {Donchenko,A (2577)-Marin,M (2580) Medias 2015 (0-1, 32)}) ({
White could also transpose to normal schemes without defining his intentions
with respect to the d-pawn:} 8. c4 Na6 9. Qc2 Nb4 $5 10. Qc1 a5 11. Nc3 Bd7 12.
d5 c6 13. Nd4 e5 14. dxe6 Bxe6 15. Rd1 Bf7 $13 {Romanishin,O (2556)-Marin,M 
(2604) Sovata 2001 (1/2-1/2, 26)}) 8... Na6 9. c4 Bd7 10. Nc3 c6 11. Rb1 ({
A classical game went} 11. Nd4 Nc7 ({This is the thematic regrouping but the
simpler} 11... Nc5 $5 {may be better, for instance} 12. b4 Nce4 13. Nxe4 Nxe4
$132) 12. Qd2 c5 (12... Rb8 $5 {[%csl Gb7][%cal Gc6c5]}) 13. Ne6 Bxe6 14. dxe6
Rb8 15. Nd5 Nxe6 (15... Ncxd5 16. cxd5 b5 $132) 16. Nxf6+ exf6 17. Rad1 $36 {
Hodgson,J (2565)-Gurevich,M (2610) Wijk aan Zee 1993 CBM 034 [Gurevich,M] (1-0,
43)}) 11... h6 $5 {Before defining my queenside intentions I decided on making
this generally useful move on the other wing.} (11... Rc8 12. e4 {Gelfand,B 
(2700)-Ivanchuk,V (2735) Wijk aan Zee 1996 CBM 051 [Gelfand,B] (1/2-1/2, 27)})
({I refrained from the immediate} 11... Nc7 {in view of} 12. b4 {Preventing ...
c6-c5. Black may have to play} h6 {anyway as in Lukacs,P (2480)-Dao,T (2560)
Budapest 1993 (½-½, 59), so why not do it at once?!}) 12. Re1 (12. Ba1 Rc8
13. b4 {Van der Sterren,P (2510)-Onischuk,A (2605) Germany 1996 (0-1, 56)} Qf7
$132 {This is just one of the moments when ...h7-h6 is useful.}) (12. Ne1 Rc8
13. Nd3 Nc7 14. Qd2 Qf7 15. e4 Nxe4 16. Nxe4 fxe4 17. Bxe4 cxd5 18. cxd5 Bf5
$132 {[%csl Gd5] Mohr,G (2450)-Vasiukov,E (2545) Belgorod 1990 (1/2-1/2, 54)})
12... Nc7 (12... Qf7 {is another way of making use of ...h7-h6:} 13. Nd4 Rac8
14. Rf1 Nc5 15. e3 Nce4 16. dxc6 bxc6 17. Qc2 Nxc3 18. Bxc3 Ne4 19. Bb2 c5 20.
Ne2 Bc6 $13 {Stone,R (2415)-Chernin,A (2560) Saint John 1988 (0-1, 40)}) 13.
Nd4 ({My point was that after} 13. b4 {I could play} cxd5 14. cxd5 Qf7 {
[%csl Gd5,Gg5]} 15. Qb3 g5 (15... Nfxd5 16. Nxd5 Nxd5 17. Ng5 hxg5 18. Bxd5 e6
19. Bxg7 Kxg7 20. Bxb7 $14) 16. e3 Rac8 $132 {[%cal Gc7b5,Rc7a8,Ra8b6,Rb6c4,
Yf5f4]}) 13... c5 14. Ne6 $146 {Even though he has the habit of offering a
draw repeatedly during the game, Bela does not shy away from principled
decisions.} ({The simplistic} 14. Nc2 {Heyken,E (2450)-Van Mil,J (2385)
Groningen 1988 (½-½, 26), allows Black to start his queenside counterplay
with} b5 $132) 14... Bxe6 ({Immedately after the game Mariya Yugina, who
arrived at the championship to sustain and help me somewhere in the middle of
the tournament, suggested:} 14... Nxe6 15. dxe6 Bxe6 16. Bxb7 Rd8 $1 {Her
intuition looks right. White does not give up the bishop and the rook stands
well on the d-file, inhibiting e2-e4-e5 and preparing ...e7-e5. As e will see
there is no need of attacking the bishop with ...Rb8.} 17. e4 (17. Bg2 g5 18.
e4 Qf7 $132) 17... Qd7 18. Bd5 fxe4 19. Nxe4 Nxd5 20. Bxg7 Kxg7 21. cxd5 Bg4
$132) 15. dxe6 Nxe6 ({In for a penny... There was no time for} 15... Rb8 16. e4
(16. Nd5 Ncxd5 17. cxd5 b5) 16... Nxe6 17. exf5 Nd4 18. fxg6 Qxg6 19. Rxe7 $18)
16. Bxb7 Rb8 17. Bg2 $14 {With such a strong bishop and the prospect of
breaking with e2-e4-e5, White is at least better.} Qf7 18. Nd5 Ne4 19. e3 Kh7
20. Qd3 Bxb2 21. Rxb2 Nf6 22. f4 Rbe8 23. Rbe2 h5 24. Nxf6+ ({White could
ignore the threat ...h5-h4.} 24. Qc3 h4 25. gxh4 Ng7 26. Bf3) 24... Qxf6 25. h4
Ng7 26. e4 {Carelessly weakening the d4-square.} (26. Rd2 $5 $14) 26... e5 $11
27. exf5 Nxf5 {Around this moment, I was starting to have some hope of
outplaying my opponent, just like I had hoped when choosing the opening. But
everything ended up peacefully.} 28. Re4 Re7 29. fxe5 Rxe5 (29... dxe5 30. Rf1
$36) 30. Rxe5 dxe5 31. Rf1 Kg7 32. Be4 Qe6 33. Kh2 Rf6 34. Bxf5 Rxf5 (34...
gxf5 35. Qe3 $16) 35. Rxf5 Qxf5 (35... gxf5 36. Qe3 $11) 36. Qe3 e4 37. b4 cxb4
38. Qxa7+ Kh6 39. Qe3+ Kh7 40. Qa7+ Kh6 41. Qe3+ 1/2-1/2

[Event "Olympiad-41"]
[Site "Tromsoe"]
[Date "2014.08.06"]
[Round "5.2"]
[White "Blagojevic, Dragisa"]
[Black "Sethuraman, SP."]
[Result "0-1"]
[WhiteElo "2505"]
[BlackElo "2590"]
[Annotator "Meulders,R"]
[PlyCount "64"]
[EventDate "2014.08.02"]
[EventType "team-swiss"]
[EventRounds "11"]
[EventCountry "NOR"]
[SourceTitle "CBM 162"]
[Source "ChessBase"]
[SourceDate "2014.09.17"]
[SourceVersion "1"]
[SourceVersionDate "2014.09.17"]
[SourceQuality "1"]
[WhiteTeam "Montenegro"]
[BlackTeam "India"]
[WhiteTeamCountry "MNE"]
[BlackTeamCountry "IND"]

1. d4 d6 2. Nf3 g6 3. c4 f5 {Arriving at a Dutch position by a move order
which avoids the Staunton Gambit or more maverick gambits, and setups with Nc3
and f3.} 4. Nc3 Nf6 5. g3 Bg7 6. Bg2 O-O 7. O-O c6 8. d5 e5 9. dxe6 Bxe6 10.
Qd3 Ng4 {Though ...Na6 is the most popular move here, virtually everything has
been played in this position. Black has a backward pawn on d6, but White's
queen is momentarily tied to the defence of the c4-pawn, and after b3, the
knight on c3 may be under attack from Bg7.} 11. b3 Na6 12. Bb2 Nc5 (12... Qe7
13. Rad1 Rad8 14. e3 Rfe8 15. h3 Ne5 16. Qb1 Nc5 17. Nxe5 Bxe5 (17... dxe5 $6
18. Ba3 e4 19. Na4 b6 20. Nxc5 bxc5 21. Rxd8 Rxd8 22. Rd1 $14) 18. Ne2 Bxb2 19.
Qxb2 Ne4 20. Nf4 Bf7 $11 {Mirzoev,A (2518)-Spraggett,K (2588) Seville 2008 1/
2-1/2 (42)}) 13. Qc2 a5 14. Rad1 $146 (14. h3 Nf6 15. Rfd1 Qe7 16. e3 Rad8 17.
Nd4 Bf7 (17... Rfe8) 18. Nde2 Nfd7 (18... Rfe8 19. Rd2 Nfd7 20. Rad1 Ne5 $11)
19. Rd2 Nb6 $6 (19... g5 20. Rad1 Bg6 21. Rxd6 Be5 22. Rxg6+ hxg6 23. Nd4 $13)
20. Rad1 Rd7 21. h4 Rfd8 22. Nf4 h6 23. Nd3 a4 $2 (23... Nxd3) 24. Nf4 $2 (24.
Nxc5 $16) 24... axb3 {1/2-1/2 (39) Recoulat,E (2301)-Ibanez,F (2093) Buenos
Aires 2004}) 14... Qe7 {Black's only weakness is the backward pawn on d6, but
in compensation he has active piece play.} 15. e3 Rad8 16. h3 Nf6 17. Ne1 g5 (
17... Nfe4 {is less committal. Frequently in the Dutch Black pushes his g-pawn
forward at some point but often the disadvantage of weakening the kingside
outweighs the illusion of a kingside attack.}) 18. Nf3 h6 19. Nd4 Nfd7 {
Since the f-pawn is attacked twice, Black has no time to retreat the bishop.}
20. Nce2 Ne5 21. Nxe6 Nxe6 {White has a distinct advantage: Black's kingside
pawn structure is weakened, the black pawn on d6 can become a liability and
White has the two bishops. But he shouldn't rush into things and should
patiently build up his position} 22. f4 $2 {Too impetuous. With the black
queen still on e7, this is not a good idea. White too now has a backward pawn.}
(22. Nd4 Qf7 23. f4 Ng6 24. fxg5 Nxd4 25. exd4 hxg5 26. Rde1 $14) 22... Nd7 23.
Bxg7 (23. Bc1 $1 {is not a move one likes to play if one thinks one is
attacking, but it would have protected the weakness on e3 and forced Black to
find better squares for his knights, which are slightly in the way of the
major pieces. By exchanging off the dark-squared bishop, White gives Black
more space and compromises the defence of the e3-pawn. In fact after keeping
the bishop on, White would still have been a bit better.}) 23... Nxg7 24. fxg5
$2 (24. Qd2 Rfe8 25. Nd4 Qxe3+ 26. Qxe3 Rxe3 27. fxg5 hxg5 28. Nxf5 Nxf5 29.
Rxf5 Re5 $1 30. Rxe5 Nxe5 $11) 24... Qxe3+ 25. Kh2 hxg5 26. Rxd6 Ne5 $17 {
The knight is excellently placed here, both for defending its own weakened
kingside and for attacking the enemy king.} 27. c5 Rde8 $1 $15 28. Nd4 f4 29.
gxf4 Rxf4 30. Rxf4 $4 (30. Qc1 {was absolutely necessary. White just doesn't
see what is coming and fatally weakens his back rank; defeat is imminent.} Qxc1
31. Rxc1 Rf2 $15) 30... Qxf4+ 31. Kh1 Ng4 $1 {Ouch... game over.} 32. Qc4+ Kh8
0-1

[Event "EU-ch 15th"]
[Site "Yerevan"]
[Date "2014.03.14"]
[Round "11"]
[White "Popilski, Gil"]
[Black "Pavlidis, Anastasios"]
[Result "1/2-1/2"]
[WhiteElo "2503"]
[BlackElo "2340"]
[Annotator "Meulders,R"]
[PlyCount "103"]
[EventDate "2014.03.03"]
[EventType "swiss"]
[EventRounds "11"]
[EventCountry "ARM"]
[SourceTitle "CBM 160"]
[Source "ChessBase"]
[SourceDate "2014.05.15"]
[SourceVersion "1"]
[SourceVersionDate "2014.05.15"]
[SourceQuality "1"]

1. d4 f5 2. g3 Nf6 3. Bg2 g6 4. Nf3 Bg7 5. O-O d6 6. c4 O-O 7. Nc3 c6 8. Qb3 {
In his old Batsford book on The Leningrad Dutch, T.D. Harding calls this
'another primitive move, but one which must be respected'. In comparison with
the hugely popular 8.d5 and even 8.b3, this is a rare continuation indeed.} h6
(8... Kh8 9. Rd1 Na6 10. Qa3 {In his book Harding gives a game Naranja-Larsen,
1974, in which 10.h3 was played, to say that after 9.Rd1 the white queen 'is
misplaced and White has no good plan'. Opinions have changed in the meantime...
(Meulders)} Nc7 11. d5 c5 12. b4 $146 {White opens the queenside before Black
gets to do it with ...b5.} (12. Rb1 {was played before in a couple of games.})
12... cxb4 13. Qxb4 Na6 14. Qb1 Bd7 15. Nb5 Rc8 16. Nd2 Qb6 17. e3 Nc5 18. a4
Qa5 19. Ba3 a6 20. Bb4 Qd8 21. Nd4 Nxa4 22. Ne6 Bxe6 23. dxe6 Qe8 (23... b5 24.
Bb7 Rb8 25. Bxa6) 24. Bxb7 Rb8 25. Bxa6 $5 {At first sight, this looks
impossible.} Nc3 26. Bxc3 $1 Rxb1 27. Rdxb1 {With his better coordination and
the molesting e6-pawn, White has excellent compensation for the small material
investment.} g5 28. Rb7 Ng8 29. Bxg7+ Kxg7 30. Rb5 Qg6 31. c5 dxc5 32. Rxc5
Qxe6 {Judging from the ulterior course of the game, vacating this square for
the enemy knight does not seem like a good idea.} (32... f4 $5) 33. Nf3 Qd6 34.
Nd4 Kh8 35. Rc6 Qd7 36. Rac1 f4 (36... e5 37. Nf3 Qg7 38. R1c5 f4 39. exf4 exf4
40. Nxg5 fxg3 41. hxg3 Qd4 42. Nh3 Ne7 43. Rc7 Nd5 44. Rc8 Kg7 45. Bc4 Rxc8 46.
Rxc8 h6 47. Rc6 Qa1+ 48. Kh2 Qd4 49. Bxd5 Qxd5 50. Rg6+ Kh7 51. Nf4 Qf3 52. Kg1
Qxf4 53. gxf4 Kxg6 54. Kg2 Kf5 55. Kg3 h5 $11 {This line by Meulders}) 37. Bc8
Qa7 38. Ne6 {This is starting to look like a general invasion already. White's
position is easier to play already, if not objectively better.} Rf6 39. exf4
gxf4 40. Rc7 Qa4 41. Nxf4 Rd6 42. Be6 Rd1+ 43. Rxd1 Qxd1+ 44. Kg2 Nf6 45. Rxe7
$16 Qe1 46. Rf7 Qe4+ 47. f3 Qd4 48. Kh3 Qe5 49. Kh4 Qd4 50. Bg4 Qe5 51. Ne6 h6
52. Rf8+ Ng8 53. f4 Qb2 54. Kh3 Qa1 55. Bh5 Kh7 56. Rf7+ Kh8 57. Bg6 Nf6 58.
Rf8+ Ng8 59. Bf7 {1-0 (59) Aronian,L (2805)-Nakamura,H (2759) Wijk aan Zee
2012 CBM 147 [Marin,M]}) ({Relevant:} 8... Kh8 9. Rd1 Na6 10. Rb1 Qe8 11. Qa3
Nc7 12. d5 Bd7 13. Be3 b6 14. b4 Ng4 15. Bd4 Nf6 16. c5 dxc5 17. dxc6 Bxc6 18.
bxc5 Ne6 19. cxb6 axb6 20. Qb3 Nxd4 21. Nxd4 Bxg2 {1/2-1/2 (21) Svidler,P 
(2746)-Radjabov,T (2733) Riga 2013}) 9. Re1 Ne4 $146 (9... g5 10. c5+ Kh8 11.
cxd6 exd6 12. h4 g4 13. Nh2 Nh5 14. e3 Nd7 15. Ne2 Nb6 16. a4 Qe7 17. a5 Be6
18. Qa3 Nd5 19. a6 b5 20. Bd2 Qd7 21. Rac1 Rac8 22. Bb4 Rfd8 23. Nf1 Nhf6 24.
Nd2 Rb8 25. Ba5 Rdc8 26. Qd3 b4 27. b3 Ng8 28. Nc4 Nge7 29. Ra1 Rb5 30. Ra4
Rcb8 31. Rc1 Nf6 32. Nf4 Bd5 33. Nxd5 Nfxd5 34. Qd2 Qe6 35. Nb2 f4 36. gxf4 Nc3
37. Rxb4 Rxb4 38. Bxb4 Na2 39. Rc4 {Manaj,K (2234)-Gelashvili,T (2512) Athens
1999 0-1 (87)}) 10. Nxe4 fxe4 11. Nh4 g5 12. Ng6 Rf7 13. Bxe4 Bxd4 14. Be3 Qb6
15. Qxb6 Bxb6 16. c5 Bxc5 17. Bxc5 dxc5 18. Red1 Kg7 19. Rd8 Na6 20. Re8 Nc7
21. Rxe7 Be6 22. Rxf7+ Bxf7 23. Ne7 Rd8 (23... Be6 24. Nf5+ Kf6 $15) 24. Nf5+
Kf6 25. Nxh6 Be6 26. g4 $2 {This gives Black a clear advantage.} (26. Bf3 $1 {
keeps the balance:} Rd2 27. b3 c4 28. bxc4 Bxc4 29. Ng4+ Kg7 30. Rb1 Ba6 31.
Rb4 Rxa2 32. Rd4 Kf8 33. Rd7 Nd5 34. Kg2 Rd2 35. Nf6 Bxe2 36. Nxd5 Bxf3+ 37.
Kxf3 Rxd5 38. Rxb7 $11) 26... Rd2 27. e3 Rxb2 $19 28. h4 Bd5 $6 (28... gxh4 29.
Rc1 c4 30. f4 Rxa2 31. g5+ Kg7 32. f5 Bd5 33. f6+ Kf8 34. g6 Ne8 $1 $19) 29.
Rb1 Rxa2 $2 (29... Rb4 $1 $19) 30. Bxd5 Nxd5 31. hxg5+ Kxg5 32. Nf7+ Kxg4 33.
Rxb7 a5 34. Ne5+ Kf5 35. Nxc6 $11 c4 36. Rb5 Ke4 37. Rc5 c3 38. Rc4+ Kf3 39. e4
c2 40. Nd4+ Kxe4 41. Nxc2+ Kd3 42. Rd4+ Kxc2 43. Rxd5 a4 44. f4 Rb2 45. Ra5 Kb3
46. f5 Rc2 47. f6 Rc7 48. Rb5+ Kc4 49. Rf5 a3 50. f7 a2 51. Ra5 Rxf7 52. Rxa2
1/2-1/2